Αξιολόγηση πρωτοβάθμιας σχολικής μονάδας : οι αντιλήψεις περί απόδοσης λόγου στην ευρύτερη κοινότητα : διπλωματική εργασία
Αποθηκεύτηκε σε:
| Κύριος συγγραφέας: | |
|---|---|
| Συγγραφή απο Οργανισμό/Αρχή: | |
| Άλλοι συγγραφείς: | |
| Μορφή: | Thesis Βιβλίο |
| Γλώσσα: | Greek |
| Δημοσίευση: |
2010
|
| Θέματα: | |
| Διαθέσιμο Online: | http://hdl.handle.net/11610/11958 |
| Ετικέτες: |
Προσθήκη ετικέτας
Δεν υπάρχουν, Καταχωρήστε ετικέτα πρώτοι!
|
MARC
| LEADER | 00000cam a2200000 i 4500 | ||
|---|---|---|---|
| 001 | 1/9470 | ||
| 008 | 100715s2010 gre d | ||
| 035 | |l 10108642 | ||
| 040 | |a GR-MY-UA |b gre |e aacr | ||
| 041 | 0 | |a gre | |
| 082 | 0 | |a 370 |2 (22) | |
| 100 | 1 | |a Βρεττάκου, Αφροδίτη. | |
| 245 | 1 | 0 | |a Αξιολόγηση πρωτοβάθμιας σχολικής μονάδας : |b οι αντιλήψεις περί απόδοσης λόγου στην ευρύτερη κοινότητα : διπλωματική εργασία / |c της Βρεττάκου Αφροδίτης ; υπεύθυνος καθηγητής: Μαραγκουδάκης Μανούσος |
| 260 | |c 2010 | ||
| 300 | |a 69 σ.; |c 30 εκ. | ||
| 500 | |a Βιβλιογραφία: σ. 54-56 | ||
| 502 | |a Διατριβή (μεταπτυχιακή) – Πανεπιστήμιο Αιγαίου, Λέσβος, 2010. | ||
| 650 | 0 | 0 | |a Schools |x Evaluation. |
| 650 | 0 | 0 | |a Education, Primary |x Evaluation |z Greece. |
| 650 | 0 | 0 | |a School management and organization. |
| 650 | 0 | 0 | |a School management and organization |z Greece. |
| 650 | 0 | 0 | |a Dissertations, Academic |z Greece. |
| 700 | 1 | |4 ths |a Μαραγκουδάκης, Μανούσος Ε. | |
| 710 | 2 | |a Πανεπιστήμιο Αιγαίου |b Σχολή Κοινωνικών Επιστημών |b Τμήμα Κοινωνιολογίας |b Μεταπτυχιακό Πρόγραμμα Σπουδών Έρευνα Εφαρμοσμένη στην Ανάπτυξη Καινοτόμων Τοπικών και Περιφερειακών Πολιτικών και την Κοινωνική Συνοχή. | |
| 852 | |a INST |b LESVOS |c DIATR |e 20100715 |h 107 |p 005100048384 |q 005100048384 |t MTXE |y 23 | ||
| 852 | |a INST |b LESVOS |c DIATR |e 20100715 |h 108 |p 005100048383 |q 005100048383 |t MTXE |y 23 | ||
| 856 | |u http://hdl.handle.net/11610/11958 | ||
| 901 | |a BIBL1-2010-2 | ||
| 909 | |a Λ |b 165012 | ||
| 909 | |a Λ |b 165011 | ||
| 924 | |a ΒΡΕΤΤΑΚΟΥ |b ΑΦΡΟΔΙΤΗ |y ΛΕΣΒΟΣ |z 2010-03 | ||
| 970 | |a ΤΖΑΦΕΡΗ |b ΕΥΑΓΓΕΛΙΑ |z 2010/07/15 | ||